00914nab a22002297a 4500999001500000003000400015005001700019008004100036040000700077100002900084245007700113260007200190300001100262500003800273505008900311650002600400650004200426650003000468650003400498773013900532942001300671 c5932d5932OSt20260114010627.0190605e xxu||||| |||| 00| 0 spa d cPJ 96784aLutereau, Tomás 10aDNU 70/2023 : b¿el trabajo registrado en peligro? /cTomás Lutereau. aCiudad Autónoma de Buenos Aires :bThomson Reuters La Ley,c2024. ap. 5-8 aCita: TR LALEY AR/DOC/105/2024.  t¿Te interesa el texto completo? Solicitalo al correo: koha@justierradelfuego.gov.ar 091316aDERECHO LABORAL 09200aDECRETOS DE NECESIDAD Y URGENCIA 091323aCONTRATO DE TRABAJO 091570aDERECHOS DEL TRABAJADOR0 0271193168dCiudad Autónoma de Buenos Aires : Thomson Reuters La Ley, 1999-2002.tRevista de derecho del trabajo. Nº 2 - Marzo 2024 2udccANA